000 00756nam a22002297a 4500
003 UA-OsUOA
001 115736
007 ta
008 20160118b un ||||| |||| 00| 0 ukr d
100 _aОстровська О.
700 _aСоколова О.
090 _a330(477)
_bО-77
942 _cSA
040 _aUA-OsUOA
_bukr
_cUA-OsUOA
_dUA-OsUOA
245 _aМетодичний інструментарій управління фінансовою безпекою суб'єктів господарювання
300 _aС.2-10
955 _a0
041 _aukr
080 _a330(477)
773 0 _w115735
_tБухгалтерський облік і аудит
_dК.
_d2015
_g11
650 7 _a330 Економіка взагалі
_2UDC
999 _c401547
_d401547